Islands That Start with M - Statistics

General Stats
  • This quiz has been taken 46 times
  • The average score is 10 of 15
Answer Stats
Hint Island % Correct
Largest island in Africa Madagascar
95%
Island country in the Mediterranean Malta
95%
Island country in the Indian Ocean, once home to the dodo Mauritius
93%
Island country in the Indian Ocean, south-west of Sri Lanka Maldives
88%
Island within New York City Manhattan
79%
Caribbean island and French overseas department Martinique
79%
Island in Quebec, Canada, containing a major city of the same name Island of {Montreal}
74%
Portuguese autonomous region off north-west Africa Madeira
67%
Easternmost of the Balearic Islands, Spain Minorca
67%
British overseas territory in the Caribbean, devastated by volcanic eruption in 1995 Montserrat
62%
Second-largest island in the Philippines Mindanao
60%
French overseas department east of the Comoros in the Indian Ocean Mayotte
55%
Tidal island off Normandy, north-western France, home to a famous abbey-fortress {Mont} {Saint}-{Michel}
36%
Island in Lake Huron, Michigan, same name as bridge connecting the Upper and Lower Peninsulas Mackinac
29%
Indonesian island group once known as the Spice Islands; Indonesian name Maluku {Molucca} Islands
24%
No matching quizzes found
Score Distribution
Percent of People with Each Score
Percentile by Number Answered
Your Score History
You have not taken this quiz